| 000 | 00674nam a2200217Ia 4500 | ||
|---|---|---|---|
| 003 | GCL | ||
| 008 | 140319s9999 xx 000 0 ara d | ||
| 040 |
_aGCL / _cGCL |
||
| 082 | 0 | 4 |
_a810.9 _bم ح |
| 100 | 1 | _aمحمد حسين هيكل | |
| 245 | 1 | 0 |
_aالحكومة الاسلامية / _cمحمد حسين هيكل |
| 260 |
_a[S.N] : _bدار المعارف ، _c1983 |
||
| 300 | _a157 ص | ||
| 490 | _a | ||
| 650 | 0 | 4 | _aالاسلام والمجتمع |
| 650 | 0 | 4 | _aالتاريخ الاسلامى |
| 650 | 0 | 4 | _aالاسلام والاصلاح السياسى |
| 650 | 0 | 4 | _aالاسلام والسياسة |
| 650 | 0 | 4 | _aحرية العقيدة |
| 942 |
_2ddc _cBK |
||
| 999 |
_c29147 _d29147 |
||